| 000 | 00783nas a2200253 4500 | ||
|---|---|---|---|
| 001 | BR0904041 | ||
| 003 | BR-BrBNA | ||
| 005 | 20231205113228.0 | ||
| 007 | ta | ||
| 008 | 230509b bl.|||p| |||| 00| 00por d | ||
| 040 |
_aBR-BrBNA _bpor _cBiblioteca Nacional de Agricultura |
||
| 041 | _a(Pt) | ||
| 072 | _aH10 | ||
| 100 | 1 | _aBernardes, C.M. | |
| 100 | 1 | _aSantos, M.A. dos | |
| 245 | 1 | _aPopulação microbiana como indicador de interferência de diferentes manejos de solos de cerrado com cultivo de soja. | |
| 650 | _aSOJA | ||
| 650 | _aMICROBIO | ||
| 650 | _aMANEJO DO SOLO | ||
| 650 | _aCERRADO | ||
| 773 | 0 |
_tBioscience Journal (Brazil) _xISSN 1516-3725 _g(May-Aug 2006), v. 22(2) p. 7-16 _wBR0904041 |
|
| 909 |
_a202311 _bLúcia _c55 _dLúcia Elande |
||
| 942 |
_2AGRIS _n0 _cANA |
||
| 999 |
_c202575 _d202575 |
||